Italien Adjectifs - Statistiques

Statistiques générales
  • Ce quiz a été pris 26 fois
  • Le résultat moyen est 8 sur 22
Statistiques - réponses
Hint Réponse % Correct
curieux curioso
86%
vieux vecchio
73%
sympa simpatico
68%
riche ricco
64%
plein pieno
59%
fermé chiuso
55%
propre pulito
50%
tranquille tranquillo
50%
vide vuoto
50%
jaloux geloso
45%
précieux precioso
41%
sale sporco
41%
peureux pauroso
27%
faible debole
18%
fiable affidabile
14%
menteur bugiardo
14%
paresseux pigro
14%
sombre scuro
14%
envieux invidioso
9%
sauvage selvaggio
9%
rouillé arrugginito
5%
furieux furente
5%
Aucun quiz correspondant
Distribution des résultats
% des personnes avec chaque résultat
Percentile par nombre de réponses
Votre historique - résultats
Vous n’avez pas pris ce quiz